Musicals Without 'Dancers' Quiz Stats

Quiz Updated Sep 13, 2014

Challenge
Share
Tweet
Embed
Score 0/20 Timer 04:00
2 Plays Today
Musicals Musicals % Correct
M _ M M _    M I _!Mamma Mia!
94.7%
O K L _ H O M _!Oklahoma!
94%
M _ _ Y    P O P P I _ _Mary Poppins
92.9%
M Y    F _ I _    L _ _ YMy Fair Lady
91.5%
B _ _ U T Y    _ _ _    T H _    B _ _ _ TBeauty and the Beast
91.2%
G U Y _    _ _ _    _ O L L _Guys and Dolls
90%
J _ K Y L L    _ _ _    H Y _ _Jekyll and Hyde
89.3%
_ O U T H    P _ _ I F I _South Pacific
89%
J _ _ _ _ Y    B O Y _Jersey Boys
87.9%
_ P _ M _ L O TSpamalot
82.9%
Musicals Musicals % Correct
J O _ _ P H    _ _ _    T H _    _ M _ Z I _ G
T _ _ H _ I _ O L O _    _ _ _ _ M _ O _ T
Joseph and the Amazing Technicolor Dreamcoat
81.3%
_    L I T T L _    _ I G H T    M U _ I _ A Little Night Music
79.2%
_ _ _ I _    G _ T    Y O U _    G U _Annie Get Your Gun
70.3%
M _ _    O F    L _    M _ _ _ H _Man of La Mancha
69.8%
_ O M P _ _ YCompany
64.7%
P _ O M I _ _ _,    P _ O M I _ _ _Promises, Promises
55.3%
O H!   _ _ L _ U T T _!Oh! Calcutta!
47.1%
_ _ T _Cats
43.6%
B _ I _ G    I _    '_ _    _ O I _ _,
B _ I _ G    I _    '_ _    F U _ K
Bring in 'da Noise, Bring in 'da Funk
30.5%
_ _ G _Rags
19.5%

You're not logged in!

Compare scores with friends on all Sporcle quizzes.
Sign Up with Email
OR
Log In

You Might Also Like...

Show Comments

Extras

Top Quizzes Today


Score Distribution

Your Account Isn't Verified!

In order to create a playlist on Sporcle, you need to verify the email address you used during registration. Go to your Sporcle Settings to finish the process.

Report this User

Report this user for behavior that violates our Community Guidelines.

Details: